|
|
|
|
| LEADER |
00000nam a2200000 4500 |
| 008 |
160128b2014 cr ||||| |||| 00| | spa d |
| 999 |
|
|
|c 3056
|d 3056
|
| 090 |
|
|
|a 14.02.02
|b 2252
|
| 100 |
1 |
|
|9 1379
|a Grosser Guillén, Kattya
|
| 245 |
|
|
|a Adolescencia e institución educativa: relaciones de poder-saber y subjetividad /
|c Kattya Grosser Guillén
|
| 260 |
|
|
|a [San José, Costa Rica] :
|b INIE,
|c 2014
|
| 300 |
|
|
|a 1 volumen sin paginar
|
| 500 |
|
|
|a Informe final de proyecto de investigación Nº 724-B3-036
|
| 500 |
|
|
|a La Unidad tambien posee informe de Proyecto de Acción Social ED-3058
|
| 650 |
1 |
4 |
|9 5
|a ADOLESCENTES
|
| 650 |
1 |
4 |
|9 1380
|a INSTITUCIONES DE ENSEÑANZA
|
| 650 |
1 |
4 |
|9 1021
|a RELACIONES ENTRE DOCENTES Y ALUMNOS
|
| 942 |
|
|
|i 004074,003955
|h 14.02.02 2252
|2 z
|c 04
|